Online Catalogue and eLibrary

Parlimentuwa thula streen (Record no. 1455)

MARC details
000 -LEADER
fixed length control field 00468nam a2200145Ia 4500
005 - DATE AND TIME OF LATEST TRANSACTION
control field 20250521035303.0
008 - FIXED-LENGTH DATA ELEMENTS--GENERAL INFORMATION
fixed length control field 240331s9999 xx 000 0 und d
082 ## - DDC Classification
Item Number - Author Mark DES
Class No. 305
100 ## - MAIN ENTRY--PERSONAL NAME
Personal name De Silva, Dulci
245 #0 - TITLE STATEMENT
Title Parlimentuwa thula streen
260 ## - PUBLICATION, DISTRIBUTION, ETC.
Place of publication, distribution, etc. Rajagiriya
Name of publisher, distributor, etc. Mothers and Daughters of Child Organization
Date of publication, distribution, etc. 2003
300 ## - PHYSICAL DESCRIPTION
Extent (e.g. Volumes, Pages etc.) 25 p .,
500 ## - GENERAL NOTE
General note This Booklet Present to a Concise Overview of women's Representation in the Sri Lankan Parliament
942 ## - Koha item type (Biblio)
Koha item type Books in Stacks (Lending)
Holdings
Lost status Damaged status Collection code Home library Current library Shelving location Date acquired Full call number Accession Number Item type
    Lending WERC Library WERC Library Social Science Cupboard 03/31/2024 305 DES 4873 Books in Stacks (Lending)

© WERC Library